000 00985nam a2200265 i 4500
001 bg
100 1 _aGRODZICKA, alicja
245 1 0 _aOdporność betonu wysokowartościowego na działanie mrozu /
_cAlicja Grodzicka.
260 _aWarszawa :
_bWydawnictwa ITB,
_c2005.
490 1 _aPrace Naukowe Instytutu Techniki Budowlanej. Monografie =
_aScientific Paper of the Building Research Institute. Monographs
500 _aTyt. równol.: Freeze-thaw resistance of high performance concrete. Streszcz. pol., ang.
504 _aBibliogr.
650 9 _aBeton
_xmechanika
_xbadanie
650 9 _aWytrzymałość materiałów
_xbadanie
650 9 _aMrozoodporność materiałów
_xbadanie
650 9 _aMróz a beton
830 0 _aPrace Naukowe Instytutu Techniki Budowlanej. Monografie
020 _a32490011X
040 _cBPK
041 0 _apol
_beng
080 _a666.97/.98.017:620.1
920 _a3-249-0011-X
942 _cKS
008 s pl f |000 0 pol
999 _c51655
_d51655
856 _uhttp://koha.tu.koszalin.pl/cgi-bin/koha/opac-detail.pl?biblionumber=51655
_yKatalog online BPK